000 00529nam a2200181Ia 4500
005 20250630121719.0
008 008 250516s9999 xx 000 0 eng d
020 _a9781032824482
040 _beng
_cSDCL
041 _aeng
_2eng
084 _aT15.2'P R4
100 _aGovinda, R.
_9307116
245 0 _aThe routledge companion to primary education in India :
_bFrom compulsion to fundamental right
260 _aLondon :
_bRoutledge,
_c2024.
300 _axx, 476p.
650 _aPolitical Science
942 _cTEXL
_2CC
999 _c1429735
_d1429735